AB Scrabble Words 8 and Under - Statistics

General Stats
  • This quiz has been taken 58 times
    21 since last reset
  • The average score is 48 of 182
Answer Stats
Answer % Correct
ab
100%
aba
100%
abbe
92%
abbey
83%
abbot
83%
able
83%
about
83%
abed
75%
aback
67%
abba
67%
abide
67%
abort
67%
above
67%
aby
67%
abacus
58%
abalone
58%
abdomen
58%
abhor
58%
abnormal
58%
aboard
58%
abortion
58%
abri
58%
abroad
58%
absent
58%
abuse
58%
abaca
50%
abandon
50%
abase
50%
abode
50%
abound
50%
abstract
50%
abyss
50%
abash
42%
abate
42%
abater
42%
abbess
42%
abduct
42%
aberrant
42%
abet
42%
abider
42%
ability
42%
abolish
42%
abreast
42%
abridge
42%
abrupt
42%
absence
42%
absentee
42%
abundant
42%
abusive
42%
abut
42%
abysm
42%
abysmal
42%
abaser
33%
abdomina
33%
abject
33%
abolla
33%
abrasion
33%
abrasive
33%
abscess
33%
abseil
33%
absolute
33%
absolve
33%
abaci
25%
abduce
25%
abductee
25%
abductor
25%
abeam
25%
abele
25%
abhorrer
25%
abjure
25%
abjurer
25%
ablate
25%
ablation
25%
ablaze
25%
ableist
25%
abnegate
25%
aborter
25%
abridger
25%
absenter
25%
absinth
25%
absolver
25%
absorb
25%
absorber
25%
abstain
25%
abstruse
25%
abuser
25%
abutter
25%
abye
25%
abaft
17%
abaka
17%
abator
17%
abattoir
17%
abdicate
17%
abettal
17%
abettor
17%
abiotic
17%
ablator
17%
ableism
17%
ablins
17%
abloom
17%
aboil
17%
abortive
17%
abrade
17%
abrader
17%
abscond
17%
absinthe
17%
absurd
17%
abutilon
17%
abuttal
17%
abuzz
17%
abamp
8%
abampere
8%
abatis
8%
abattis
8%
abaxial
8%
abaxile
8%
abaya
8%
abbatial
8%
abbotcy
8%
abducens
8%
abducent
8%
abducentes
8%
abegging
8%
abelia
8%
abelian
8%
abelmosk
8%
abetment
8%
abeyance
8%
abeyancy
8%
abeyant
8%
abfarad
8%
abhenry
8%
abidance
8%
abigail
8%
abiosis
8%
ablative
8%
ablaut
8%
ablegate
8%
ablings
8%
abluent
8%
ablush
8%
abluted
8%
ablution
8%
abmho
8%
abohm
8%
aboideau
8%
aboiteau
8%
aboma
8%
abomasa
8%
abomasal
8%
abomasi
8%
abomasum
8%
abomasus
8%
aboon
8%
aboral
8%
aborning
8%
abortus
8%
aboulia
8%
aboulic
8%
abrachia
8%
abradant
8%
abroach
8%
abrogate
8%
abscise
8%
abscisin
8%
abscissa
8%
abseiler
8%
absonant
8%
absterge
8%
abstrict
8%
abubble
8%
abulia
8%
abulic
8%
abutment
8%
abvolt
8%
abwatt
8%
abapical
0%
abasia
0%
abbacy
0%
abought
0%
abreact
0%
abrosia
0%
No matching quizzes found
Score Distribution
Percent of People with Each Score
Percentile by Number Answered
Your Score History
You have not taken this quiz since the last reset